| 000 | 01018nam a2200265 a 4500 | ||
|---|---|---|---|
| 005 | 20020626165708.0 | ||
| 008 | 000825s2001 nyu | b 00| 1 eng | ||
| 010 | _aENG-91571 | ||
| 020 |
_a9788124101292 _c110.00 |
||
| 020 |
_a8124101299 _c110.00 |
||
| 035 | _aEN-75104 | ||
| 037 | _bDBAD / PUB | ||
| 040 |
_adpl _bEnglish |
||
| 082 | _a303.40954 | ||
| 100 | _aYogendra Singh | ||
| 245 |
_aSocial change in India: _cby Yogendra Singh _bcrisis and resilience / |
||
| 260 |
_aNew Delhi _bHar-Anand Publications _c2008(repr.). |
||
| 270 |
_aE-49/3, Okhla Industrial Area, Phase-II, _bNew Delhi _e110020 |
||
| 300 |
_a246p. _c22cm (pbk) |
||
| 500 | _aIncludes bibliographical references and index | ||
| 651 |
_aIndia _xSocial conditions _y1947- |
||
| 942 |
_2ddc _cEN _mYOG _h303.40954 |
||
| 999 |
_c18193 _d18193 |
||